[Event "Cali op-D"]
[Site "Cali"]
[Date "2008.12.27"]
[Round "4"]
[White "Olaya, Jose David"]
[Black "Chillambo, Kevin"]
[Result "1-0"]
[WhiteElo "1382"]
[BlackElo "1400"]
[PlyCount "33"]
[EventDate "2008.12.26"]
[EventType "swiss"]
[EventRounds "9"]
[EventCountry "COL"]
[SourceTitle "EXT 2011"]
[Source "ChessBase"]
[SourceDate "2010.11.26"]
[SourceVersion "1"]
[SourceVersionDate "2010.11.26"]
[SourceQuality "1"]

1. d4 d5 2. Nf3 Bg4 3. Ne5 h5 4. g3 c6 5. Nxg4 hxg4 6. Bg2 Nf6 7. 0-0 e6 8. Bg5 Be7 9. Re1 a6 10. e3 Bb4 11. c3 Ba5 12. Bxf6 Qxf6 13. Qxg4 Nd7 14. Qf3 Qxf3 15. Bxf3 Nf6 16. b4 0-0-0 17. bxa5 1-0